Sinopsis de higiene y sanidad / (Record no. 130472)

MARC details
000 -LEADER
campo de control de longitud fija 00570nam a2200193 i 4500
001 - NÚMERO DE CONTROL
campo de control 130472
003 - IDENTIFICADOR DE NÚMERO DE CONTROL
campo de control ES-MaACL
007 - CAMPO FIJO DE DESCRIPCIÓN FÍSICA--INFORMACIÓN GENERAL
campo de control de longitud fija t|
008 - DATOS DE LONGITUD FIJA--INFORMACIÓN GENERAL
campo de control de longitud fija 070730s1955 sp ||||1| spa d
100 1# - ENTRADA PRINCIPAL--NOMBRE DE PERSONA
Nombre de persona Zapatero Ballesteros, Emilio.
9 (RLIN) 118010
245 10 - MENCIÓN DEL TÍTULO
Título Sinopsis de higiene y sanidad /
Mención de responsabilidad, etc. por Emilio Zapatero Ballesteros.
250 ## - MENCION DE EDICION
Mención de edición 2ª ed.
260 ## - PUBLICACIÓN, DISTRIBUCIÓN, ETC.
Lugar de publicación, distribución, etc. [Santander :
Nombre del editor, distribuidor, etc. Aldus],
Fecha de publicación, distribución, etc. 1955.
300 ## - DESCRIPCIÓN FÍSICA
Extensión 550 p. ;
Dimensiones 22 cm.
650 17 - PUNTO DE ACCESO ADICIONAL DE MATERIA--TÉRMINO DE MATERIA
Término de materia o nombre geográfico como elemento de entrada Medicina preventiva
Fuente del encabezamiento o término embne
9 (RLIN) 14936
650 14 - PUNTO DE ACCESO ADICIONAL DE MATERIA--TÉRMINO DE MATERIA
Término de materia o nombre geográfico como elemento de entrada Salud pública.
9 (RLIN) 16973
852 ## - LOCALIZACIÓN
Ubicación ES-MaACL
Número de control de estantería C-9976
Sublocalización o colección R.38240
Holdings
Estatus retirado Estado de pérdida Estado de daño No para préstamo Biblioteca de origen Biblioteca actual Ubicación en estantería Fecha de adquisición Fuente de adquisición Total de préstamos Signatura topográfica completa Código de barras Visto por última vez Precio de reemplazo Tipo de ítem Koha
        Biblioteca del Ateneo de Madrid Biblioteca del Ateneo de Madrid Sala Palomar 17/01/2008     C-9976 1135849 23/02/2023 23/02/2023 Libro impreso